| Tag |
First Indicator |
Second Indicator |
Subfields |
| LEADER |
00000cam a22000001a 4500 |
| 001 |
in00003271921 |
| 006 |
m d f |
| 007 |
cr bn mmmapmmp |
| 008 |
101011s1981 dcu ob f000 0 eng d |
| 005 |
20260429173952.7 |
| 035 |
|
|
|a cis2007812966
|
| 040 |
|
|
|a LexisNexis
|c LexisNexis
|d UtOrBLW
|
| 043 |
|
|
|a n-us---
|
| 074 |
|
|
|a 1013-A, 1013-B (microfiche)
|
| 086 |
0 |
|
|a Y 4.B 22/1:B 22/27
|
| 099 |
|
|
|a CMP-1981-BFU-0008
|
| 245 |
0 |
2 |
|a A Reference guide to banking and finance /
|c prepared by the Congressional Research Service, Library of Congress, for the Committee on Banking, Finance, and Urban Affairs, House of Representatives, 97th Congress, first session.
|
| 264 |
|
1 |
|a Washington :
|b U.S. G.P.O.,
|c 1981.
|
| 300 |
|
|
|a 1 online resource.
|
| 336 |
|
|
|a text
|b txt
|2 rdacontent
|
| 337 |
|
|
|a computer
|b c
|2 rdamedia
|
| 338 |
|
|
|a online resource
|b cr
|2 rdacarrier
|
| 500 |
|
|
|a Record is based on bibliographic data in LexisNexis U.S. Congressional Research Digital Collection. Reuse except for individual research requires license from LexisNexis.
|
| 504 |
|
|
|a Bibliography: pages 41-42.
|
| 500 |
|
|
|a Electronic resource.
|
| 650 |
|
0 |
|a Banks and banking
|v Terminology.
|
| 650 |
|
0 |
|a Finance
|v Terminology.
|
| 650 |
|
0 |
|a Banking law
|z United States.
|
| 650 |
|
0 |
|a Housing
|x Law and legislation
|z United States.
|
| 655 |
|
7 |
|a Electronic books.
|2 local
|
| 700 |
1 |
|
|a Wells, F. Jean.
|
| 710 |
2 |
|
|a ProQuest (Firm)
|
| 710 |
1 |
|
|a United States.
|b Congress.
|b House.
|b Committee on Banking, Finance, and Urban Affairs.
|
| 710 |
2 |
|
|a Library of Congress.
|b Congressional Research Service.
|
| 776 |
0 |
8 |
|i Print version:
|t Reference guide to banking and finance
|w gp 81012403
|w (OCoLC)07618132
|
| 776 |
0 |
8 |
|i Microfiche version:
|t Reference guide to banking and finance
|d [Bethesda, Md.] : LexisNexis Academic & Library Solutions,1981.
|o CIS 81 H242-7
|w (LexisNexis)cis08100391
|
| 830 |
|
0 |
|a U.S. Congressional Research.
|
| 856 |
4 |
0 |
|u http://proxy.library.tamu.edu/login?url=https://congressional.proquest.com/congcomp/getdoc?CRDC-ID=CMP-1981-BFU-0008
|z Connect to the full text of this electronic book
|t 0
|
| 998 |
|
|
|a cis08100391
|
| 999 |
|
|
|a MARS
|
| 999 |
f |
f |
|s 6f97aa23-88cc-3aae-8e26-ab48c647f29c
|i 01d1f01b-e366-3b46-8d8c-15783f3805a8
|t 0
|
| 952 |
f |
f |
|a Texas A&M University
|b College Station
|c Electronic Resources
|s www_evans
|d Available Online
|t 0
|e CMP-1981-BFU-0008
|h Other scheme
|
| 998 |
f |
f |
|a CMP-1981-BFU-0008
|t 0
|l Available Online
|